000 00634nam a2200241Ia 4500
003 OSt
005 20221007063111.0
006 a|||||r|||| 00| 0
007 ta
008 221006b |||||||| |||| 00| 0 eng d
024 _a19,792
037 _cTextual
040 _aFLL
_cFLL
_beng
041 _2eng
_aeng
082 _aV2:2:Z, M3.2
100 _aSeervai H.M. Au.
_9683738
245 0 _aConstitutional law of india
260 _aBombay
_bN.M. Tripathi pvt. ltd. India
_c1983
300 _a2728p
_ccm.
490 _vVol.2
942 _hV2:2:Z, M3.2
_cTEXL
_2CC
999 _c1130375
_d1130375